[Event "Florianopolis op 10th"]
[Site "Florianopolis"]
[Date "2024.01.25"]
[Round "7"]
[White "Perez, Maximiliano"]
[Black "Serpa, Rafael Araujo"]
[Result "1-0"]
[WhiteElo "2383"]
[BlackElo "2101"]
[PlyCount "113"]
[EventDate "2024.01.20"]
[EventType "swiss"]
[EventRounds "10"]
[EventCountry "BRA"]
[SourceTitle "CB05_2024"]
[SourceDate "2024.01.31"]
[SourceVersion "1"]
[SourceVersionDate "2024.01.31"]
[SourceQuality "1"]

1. Nc3 d5 2. d4 Nf6 3. Bf4 e6 4. e3 Bb4 5. Bd3 c5 6. a3 Bxc3+ 7. bxc3 Qa5 8. Nf3 Qxc3+ 9. Kf1 Nc6 10. Ne5 cxd4 11. Nxc6 bxc6 12. Be5 c5 13. exd4 a5 14. h4 Ba6 15. Bxa6 Rxa6 16. Rb1 0-0 17. Qe2 Qc4 18. Qxc4 dxc4 19. Bxf6 gxf6 20. dxc5 Rc8 21. Rb5 Rac6 22. Rxa5 Rxc5 23. Rxc5 Rxc5 24. Ke2 Kf8 25. a4 Ke7 26. Rb1 Kd6 27. Rb7 Ra5 28. Rxf7 Ke5 29. Kd2 Rxa4 30. Rxh7 Ra1 31. Kc3 Rf1 32. f3 Rg1 33. Rg7 Rh1 34. g3 Rf1 35. f4+ Kd5 36. h5 Rh1 37. g4 f5 38. gxf5 exf5 39. Re7 Rxh5 40. Re5+ Kd6 41. Kxc4 Kc6 42. Kd4 Kd6 43. c4 Kc6 44. c5 Rh1 45. Rxf5 Rd1+ 46. Ke4 Re1+ 47. Kf3 Re8 48. Re5 Rg8 49. f5 Rg1 50. Kf4 Rg2 51. f6 Kd7 52. Kf5 Rf2+ 53. Kg6 Rg2+ 54. Kf7 Rg1 55. Kf8 Rg6 56. f7 Kd8 57. Rd5+ 1-0

[Event "Niteroi op 3rd"]
[Site "Niteroi"]
[Date "2023.09.05"]
[Round "3"]
[White "Serpa, Rafael Araujo"]
[Black "Nunes, Agatha Hurba"]
[Result "1-0"]
[WhiteElo "2095"]
[BlackElo "1845"]
[PlyCount "97"]
[EventDate "2023.09.04"]
[EventType "swiss"]
[EventRounds "9"]
[EventCountry "BRA"]
[SourceTitle "EXT 2024"]
[Source "ChessBase"]
[SourceDate "2023.10.10"]
[SourceVersion "1"]
[SourceVersionDate "2023.10.10"]
[SourceQuality "1"]

1. e4 e6 2. d3 d5 3. Qe2 Nf6 4. Nf3 c5 5. g3 Nc6 6. Bg2 Be7 7. 0-0 0-0 8. e5 Nd7 9. c4 dxc4 10. dxc4 Qc7 11. Bf4 Rd8 12. Nc3 Nf8 13. Nb5 Qb6 14. Rad1 Rxd1 15. Rxd1 Ng6 16. Bc1 a6 17. Nd6 Nd4 18. Nxd4 cxd4 19. Qe4 Bxd6 20. exd6 e5 21. Qd5 Bg4 22. c5 Qd8 23. Rd2 Rb8 24. Qc4 Bd7 25. b4 Qe8 26. Bd5 Bb5 27. Qb3 Kf8 28. h4 b6 29. Qf3 Rc8 30. Rd1 Ba4 31. Re1 f6 32. Qh5 Bc6 33. Bxc6 Qxc6 34. Qxh7 Kf7 35. h5 Nf8 36. Qd3 bxc5 37. bxc5 Qxc5 38. Qxa6 Qd5 39. Qxc8 d3 40. Qc7+ Kg8 41. Be3 e4 42. Qb8 Qf7 43. Rc1 Kh7 44. Qc7 Qxh5 45. d7 Ne6 46. d8Q Nxc7 47. Qxc7 Qe2 48. Qf4 Kg6 49. Qxe4+ 1-0

[Event "Rio de Janeiro Guanabara op 1st"]
[Site "Rio de Janeiro"]
[Date "2015.03.14"]
[Round "3"]
[White "Serpa, Rafael Araujo"]
[Black "Marcolino, Daniel Mattos"]
[Result "1-0"]
[WhiteElo "2073"]
[BlackElo "2057"]
[PlyCount "65"]
[EventDate "2015.03.07"]
[EventType "swiss"]
[EventRounds "6"]
[EventCountry "BRA"]
[SourceTitle "EXT 2016"]
[Source "ChessBase"]
[SourceDate "2015.10.08"]
[SourceVersion "1"]
[SourceVersionDate "2015.10.08"]
[SourceQuality "1"]

1. e4 c6 2. d4 d5 3. exd5 cxd5 4. Bd3 Nc6 5. c3 Qc7 6. h3 Nf6 7. Nf3 g6 8. 0-0 Bg7 9. Re1 0-0 10. Qb3 Bf5 11. Bxf5 gxf5 12. Ne5 e6 13. Bf4 Nxe5 14. Bxe5 Qe7 15. Nd2 Kh8 16. c4 Rg8 17. cxd5 Nxd5 18. Bxg7+ Rxg7 19. Qxd5 Qb4 20. Qe5 Qxd2 21. Re2 Qg5 22. f4 Qg3 23. Rc1 Qd3 24. Rc7 Rd8 25. Rxb7 Qxd4+ 26. Qxd4 Rxd4 27. Rxa7 Rxf4 28. a4 Rg3 29. a5 Ra4 30. a6 Rb3 31. Rc2 Rb6 32. Rxf7 Kg8 33. Rb7 1-0

[Event "Sao Paulo op-A 2nd"]
[Site "Sao Paulo"]
[Date "2015.02.05"]
[Round "1"]
[White "Brito, Luismar Jorge"]
[Black "Serpa, Rafael Araujo"]
[Result "1-0"]
[WhiteElo "2243"]
[BlackElo "2042"]
[PlyCount "87"]
[EventDate "2015.02.05"]
[EventType "swiss"]
[EventRounds "6"]
[EventCountry "BRA"]
[SourceTitle "CBM 164 Extra"]
[Source "ChessBase"]
[SourceDate "2015.03.02"]
[SourceVersion "1"]
[SourceVersionDate "2015.03.02"]
[SourceQuality "1"]

1. Nc3 c5 2. e4 g6 3. Nf3 Bg7 4. d4 cxd4 5. Nxd4 Nc6 6. Be3 Nf6 7. Bc4 d6 8. f3 0-0 9. Qd2 Nd7 10. Bb3 Nb6 11. Nd5 Nxd5 12. Bxd5 Bd7 13. Bb3 Qa5 14. c3 Rfc8 15. f4 Qh5 16. 0-0 Na5 17. Bd1 Bg4 18. b3 Bxd1 19. Raxd1 Nc6 20. f5 Ne5 21. h3 Qh4 22. Bf4 Rc7 23. c4 Nc6 24. Nf3 Qf6 25. g4 Qc3 26. Qxc3 Bxc3 27. c5 Be5 28. cxd6 exd6 29. Bxe5 dxe5 30. f6 h6 31. Rd5 g5 32. Rc1 Rac8 33. Rdc5 Re8 34. Nxe5 Re6 35. b4 Nd4 36. Rxc7 Ne2+ 37. Kg2 Nxc1 38. Rc8+ Kh7 39. Nd7 Rd6 40. Nf8+ Kg8 41. e5 Rd2+ 42. Kf3 Nxa2 43. Nd7+ Kh7 44. e6 1-0

[Event "Juiz de Fora op"]
[Site "Juiz de Fora"]
[Date "2014.09.28"]
[Round "6"]
[White "Serpa, Rafael Araujo"]
[Black "Cantarino Neto, Mario Ribeiro"]
[Result "1-0"]
[WhiteElo "1940"]
[BlackElo "2116"]
[PlyCount "73"]
[EventDate "2014.09.26"]
[EventType "swiss"]
[EventRounds "6"]
[EventCountry "BRA"]
[SourceTitle "CBM 162 Extra"]
[Source "ChessBase"]
[SourceDate "2014.10.17"]
[SourceVersion "1"]
[SourceVersionDate "2014.10.17"]
[SourceQuality "1"]

1. e4 e5 2. Nf3 Nc6 3. Nc3 Nf6 4. Bb5 Bb4 5. d3 d6 6. 0-0 0-0 7. Bg5 Bxc3 8. bxc3 Qe7 9. h3 Nd8 10. Nh2 Ne6 11. Bd2 c5 12. Bc4 Bd7 13. a4 Qe8 14. g4 Kh8 15. f4 Nxf4 16. Bxf4 exf4 17. Rxf4 Qe5 18. Qe2 Qe7 19. Raf1 Be6 20. Bxe6 fxe6 21. e5 dxe5 22. R4f2 Nd5 23. c4 Nf4 24. Qe3 Ng6 25. Nf3 Qd6 26. Nxe5 Nxe5 27. Qxe5 Qe7 28. Qxe6 Qxe6 29. Rxf8+ Rxf8 30. Rxf8+ Qg8 31. Rxg8+ Kxg8 32. Kf2 Kf7 33. Ke3 Ke6 34. Ke4 Kd6 35. c3 b6 36. d4 a6 37. d5 1-0

[Event "Juiz de Fora op"]
[Site "Juiz de Fora"]
[Date "2014.09.27"]
[Round "4"]
[White "Serpa, Rafael Araujo"]
[Black "De Freitas, Isabella Ribeiro Co"]
[Result "1-0"]
[WhiteElo "1940"]
[BlackElo "1869"]
[PlyCount "95"]
[EventDate "2014.09.26"]
[EventType "swiss"]
[EventRounds "6"]
[EventCountry "BRA"]
[SourceTitle "CBM 162 Extra"]
[Source "ChessBase"]
[SourceDate "2014.10.17"]
[SourceVersion "1"]
[SourceVersionDate "2014.10.17"]
[SourceQuality "1"]

1. e4 c5 2. Nc3 d6 3. g3 Nc6 4. Bg2 a6 5. d3 Nf6 6. h3 e6 7. f4 Be7 8. Nge2 Nd7 9. 0-0 Qc7 10. f5 b5 11. Nf4 Nf6 12. g4 h6 13. fxe6 Bxe6 14. Qf3 Nd4 15. Qf2 Rb8 16. Nd1 Qb6 17. c3 Nc6 18. Ne3 Ne5 19. Nf5 Bxf5 20. gxf5 c4 21. d4 Nc6 22. Be3 Qc7 23. Qg3 Rg8 24. Nd5 Qd8 25. Nxf6+ Bxf6 26. e5 Nxe5 27. dxe5 Bxe5 28. Bf4 Qb6+ 29. Kh1 Bxf4 30. Qxf4 Rd8 31. Rae1+ Kf8 32. Qe4 Qc7 33. Re2 Rh8 34. f6 Kg8 35. fxg7 Kxg7 36. Qd4+ Kg8 37. Bd5 Rh7 38. Qf6 Qd7 39. Kh2 Re8 40. Rxe8+ Qxe8 41. Rg1+ Kf8 42. Qxd6+ Qe7 43. Rg8+ Kxg8 44. Qxe7 Rg7 45. Qe8+ Kh7 46. Be4+ Rg6 47. Qxf7+ Kh8 48. Bxg6 1-0

[Event "Rio de Janeiro Estadual op"]
[Site "Rio de Janeiro"]
[Date "2014.08.02"]
[Round "1"]
[White "Serpa, Rafael Araujo"]
[Black "Rodi, Luis Ernesto"]
[Result "1/2-1/2"]
[WhiteElo "1894"]
[BlackElo "2361"]
[PlyCount "113"]
[EventDate "2014.08.02"]
[EventType "swiss"]
[EventRounds "6"]
[EventCountry "BRA"]
[SourceTitle "CBM 162 Extra"]
[Source "ChessBase"]
[SourceDate "2014.10.17"]
[SourceVersion "1"]
[SourceVersionDate "2014.10.17"]
[SourceQuality "1"]

1. e4 d6 2. Nc3 g6 3. g3 Bg7 4. Bg2 e5 5. d3 Nc6 6. Be3 Nf6 7. h3 Be6 8. Qd2 d5 9. Bh6 Bxh6 10. Qxh6 d4 11. Nce2 Qe7 12. Qd2 Nd7 13. f4 f6 14. Nf3 0-0-0 15. a3 Qd6 16. fxe5 fxe5 17. 0-0 h6 18. Nh4 Ne7 19. Rf2 g5 20. Nf5 Bxf5 21. exf5 Nf6 22. Qb4 Qxb4 23. axb4 Kb8 24. Ra5 Ned5 25. c3 dxc3 26. bxc3 Rhe8 27. c4 Ne3 28. Ra3 c6 29. Rf3 Nc2 30. Rb3 Kc7 31. g4 Rd7 32. Rg3 Red8 33. Kf2 a6 34. Rb2 Nd4 35. Nxd4 Rxd4 36. Re3 Rxd3 37. Rxe5 Rd2+ 38. Rxd2 Rxd2+ 39. Re2 Rxe2+ 40. Kxe2 Kd6 41. Kd3 Ke5 42. b5 axb5 43. cxb5 cxb5 44. Bxb7 h5 45. Bc6 hxg4 46. hxg4 b4 47. Bf3 Kf4 48. Bd1 Ke5 49. Kc4 Nd5 50. Bf3 Ne3+ 51. Kxb4 Nxf5 52. gxf5 Kxf5 53. Kc3 Kf4 54. Bh5 Ke3 55. Bg4 Kf4 56. Bh5 g4 57. Bxg4 1/2-1/2

[Event "Rio de Janeiro IRT DE OUTONO TTC 2nd"]
[Site "Rio de Janeiro"]
[Date "2013.05.30"]
[Round "2.5"]
[White "Manzi, Luiz Antonio Bardao"]
[Black "Serpa, Rafael Araujo"]
[Result "1-0"]
[WhiteElo "2135"]
[BlackElo "1940"]
[PlyCount "105"]
[EventDate "2013.05.30"]
[EventType "swiss"]
[EventRounds "6"]
[EventCountry "BRA"]
[SourceTitle "EXT 2022"]
[Source "ChessBase"]
[SourceDate "2021.10.06"]
[SourceVersion "1"]
[SourceVersionDate "2021.10.06"]
[SourceQuality "1"]

1. e4 c5 2. Nf3 Nc6 3. d4 cxd4 4. Nxd4 g6 5. Be3 Bg7 6. Nc3 Nf6 7. Be2 0-0 8. 0-0 d6 9. Nb3 Be6 10. f4 Na5 11. Nxa5 Qxa5 12. Bf3 Rab8 13. g4 Nd7 14. Nd5 Bxd5 15. Qxd5 Qxd5 16. exd5 Nb6 17. Bxb6 axb6 18. c3 Rfc8 19. Rae1 Kf8 20. Re4 Ra8 21. a3 Ra5 22. Rb4 b5 23. Be2 Rc5 24. Rd1 h6 25. Kf2 Bf6 26. Kg3 g5 27. fxg5 hxg5 28. h3 Be5+ 29. Kf3 Bf6 30. Ke4 Kg7 31. Rf1 Kg6 32. Rf5 Kg7 33. Ke3 Kg6 34. Kd2 Kg7 35. Bd3 Kf8 36. h4 gxh4 37. g5 Be5 38. Rxh4 Kg8 39. Rxe5 dxe5 40. b4 Ra4 41. bxc5 Rxh4 42. c6 bxc6 43. dxc6 Kg7 44. Bxb5 Rh2+ 45. Kc1 Rh1+ 46. Kb2 Kg6 47. c7 Rh8 48. Bd7 Kxg5 49. c8Q Rxc8 50. Bxc8 e4 51. a4 f5 52. Be6 f4 53. Kc2 1-0

[Event "Rio de Janeiro Regional Sudeste"]
[Site "Rio de Janeiro"]
[Date "2013.03.31"]
[Round "6"]
[White "Serpa, Rafael Araujo"]
[Black "De Oliveira, Fillipe Fernandes"]
[Result "1-0"]
[WhiteElo "1931"]
[BlackElo "1782"]
[PlyCount "33"]
[EventDate "2013.03.29"]
[EventType "swiss"]
[EventRounds "6"]
[EventCountry "BRA"]
[SourceTitle "CBM 153 Extra"]
[Source "ChessBase"]
[SourceDate "2013.04.22"]
[SourceVersion "1"]
[SourceVersionDate "2013.04.22"]
[SourceQuality "1"]

1. e4 e6 2. d4 d5 3. Nd2 Nf6 4. e5 Nfd7 5. Bd3 c5 6. c3 Nc6 7. Ne2 Ndxe5 8. dxe5 Nxe5 9. Nf3 Nxf3+ 10. gxf3 Bd7 11. Bf4 Qf6 12. Qd2 Be7 13. Qe3 Qh4 14. Rg1 g6 15. 0-0-0 f5 16. Rg3 0-0-0 17. Qe5 1-0

[Event "Guanabara op 1st"]
[Site "Rio de Janeiro"]
[Date "2013.02.02"]
[Round "4"]
[White "Rangel, Daniel"]
[Black "Serpa, Rafael Araujo"]
[Result "1-0"]
[WhiteElo "2134"]
[BlackElo "1931"]
[PlyCount "51"]
[EventDate "2013.01.12"]
[EventType "swiss"]
[EventRounds "6"]
[EventCountry "BRA"]
[SourceTitle "EXT 2014"]
[Source "ChessBase"]
[SourceDate "2013.11.20"]
[SourceVersion "1"]
[SourceVersionDate "2013.11.20"]
[SourceQuality "1"]

1. e4 e6 2. d4 d5 3. Nd2 c5 4. exd5 Qxd5 5. Ngf3 cxd4 6. Bc4 Qd6 7. 0-0 Nf6 8. Nb3 Nc6 9. Nbxd4 Nxd4 10. Nxd4 a6 11. c3 Qc7 12. Be2 Bd6 13. h3 0-0 14. Bg5 Ne4 15. Be3 b6 16. Bf3 Bb7 17. Qc2 Nc5 18. Rad1 Bxf3 19. Nxf3 h6 20. Qe2 e5 21. Rd5 e4 22. Nd4 Nd3 23. Nf5 Bh2+ 24. Kh1 Bf4 25. Qg4 g6 26. Rxd3 1-0

[Event "Rio de Janeiro Fexerj op"]
[Site "Rio de Janeiro"]
[Date "2012.09.01"]
[Round "5"]
[White "Serpa, Rafael Araujo"]
[Black "Cardoso, Marcio de Lucca"]
[Result "1-0"]
[WhiteElo "1840"]
[BlackElo "1734"]
[PlyCount "84"]
[EventDate "2012.08.25"]
[EventType "swiss"]
[EventRounds "7"]
[EventCountry "BRA"]
[SourceTitle "CBM 150 Extra"]
[Source "ChessBase"]
[SourceDate "2012.10.19"]
[SourceVersion "1"]
[SourceVersionDate "2012.10.19"]
[SourceQuality "1"]

1. e4 c5 2. Nc3 Nc6 3. g3 Nf6 4. Bg2 d6 5. d3 e5 6. Nge2 Bg4 7. h3 Be6 8. f4 g6 9. 0-0 Bg7 10. Be3 Qd7 11. g4 Qc8 12. f5 gxf5 13. exf5 Bd7 14. Ng3 h6 15. Nge4 Nxe4 16. Nxe4 Qc7 17. Nc3 Qd8 18. Nd5 Bf6 19. c3 Bg5 20. Bxg5 hxg5 21. a4 Ne7 22. Nf6+ Kf8 23. Ne4 Nc8 24. f6 Bc6 25. Nxg5 Bxg2 26. Kxg2 Qb6 27. Rb1 Qc6+ 28. Qf3 Qc7 29. Qf5 Nb6 30. Nh7+ Ke8 31. g5 Nd5 32. Rbe1 Kd8 33. Kh2 Nf4 34. Rxf4 exf4 35. Re7 Qc6 36. Rxf7 Re8 37. Qxf4 Re2+ 38. Kg3 Rc8 39. Rf8+ Kc7 40. Rxc8+ Kxc8 41. Qg4+ Kc7 42. Qxe2 d5 1-0

[Event "Rio de Janeiro Fexerj op"]
[Site "Rio de Janeiro"]
[Date "2012.08.26"]
[Round "3"]
[White "Serpa, Rafael Araujo"]
[Black "Manzi, Luiz Antonio Bardao"]
[Result "0-1"]
[WhiteElo "1840"]
[BlackElo "2104"]
[PlyCount "56"]
[EventDate "2012.08.25"]
[EventType "swiss"]
[EventRounds "7"]
[EventCountry "BRA"]
[SourceTitle "CBM 150 Extra"]
[Source "ChessBase"]
[SourceDate "2012.10.19"]
[SourceVersion "1"]
[SourceVersionDate "2012.10.19"]
[SourceQuality "1"]

1. e4 Nf6 2. e5 Nd5 3. d4 d6 4. c4 Nb6 5. f4 dxe5 6. fxe5 Bf5 7. Nf3 e6 8. Bd3 Bxd3 9. Qxd3 c5 10. 0-0 Be7 11. Nc3 cxd4 12. Ne4 h6 13. g4 Nc6 14. g5 Qc7 15. c5 Nd7 16. Nd6+ Bxd6 17. exd6 Qa5 18. gxh6 gxh6 19. b4 Nxb4 20. Qxd4 Rg8+ 21. Kh1 Nc2 22. Qf2 Nxa1 23. Nd4 0-0-0 24. c6 Qd5+ 25. Qf3 Qxd4 26. cxd7+ Rxd7 27. Rd1 Qg4 28. Qc3+ Kb8 0-1

[Event "Maravilhosa op 3rd"]
[Site "Laranjeiras"]
[Date "2012.07.14"]
[Round "3"]
[White "Serpa, Rafael Araujo"]
[Black "Maia, Marco Aurelio Ferre"]
[Result "1/2-1/2"]
[WhiteElo "1840"]
[BlackElo "2115"]
[PlyCount "77"]
[EventDate "2012.07.13"]
[EventType "swiss"]
[EventRounds "6"]
[EventCountry "BRA"]
[SourceTitle "CBM 149 Extra"]
[Source "ChessBase"]
[SourceDate "2012.08.24"]
[SourceVersion "1"]
[SourceVersionDate "2012.08.24"]
[SourceQuality "1"]

1. e4 c6 2. d4 d5 3. exd5 cxd5 4. Bd3 Nc6 5. c3 Qc7 6. h3 g6 7. Nf3 Bg7 8. 0-0 Nf6 9. Re1 0-0 10. Bg5 Bf5 11. Bxf5 gxf5 12. Bxf6 Bxf6 13. Nbd2 e6 14. Nf1 Kh8 15. Ng3 Rg8 16. Nh5 Be7 17. Qe2 Bd6 18. Ne5 Nxe5 19. dxe5 Be7 20. Kh1 Rac8 21. f4 Qc4 22. Qf2 a6 23. a3 Rg6 24. Qf3 Rcg8 25. Re2 Qc6 26. Kh2 b5 27. Rc1 Qc4 28. Rcc2 a5 29. Qe3 Qc5 30. Qd4 Rc8 31. Ng3 Rgg8 32. Nf1 Rc7 33. Ne3 Bh4 34. Nf1 Rgc8 35. Ne3 Be7 36. Qd3 Qc6 37. g3 Bc5 38. b4 Bxe3 39. Qxe3 1/2-1/2

[Event "Maravilhosa op 3rd"]
[Site "Laranjeiras"]
[Date "2012.07.13"]
[Round "2"]
[White "De Freitas, Julio Eimard"]
[Black "Serpa, Rafael Araujo"]
[Result "0-1"]
[WhiteElo "1883"]
[BlackElo "1840"]
[PlyCount "64"]
[EventDate "2012.07.13"]
[EventType "swiss"]
[EventRounds "6"]
[EventCountry "BRA"]
[SourceTitle "CBM 149 Extra"]
[Source "ChessBase"]
[SourceDate "2012.08.24"]
[SourceVersion "1"]
[SourceVersionDate "2012.08.24"]
[SourceQuality "1"]

1. d4 d5 2. Nf3 c6 3. b3 g6 4. Bb2 Bg7 5. e3 Bg4 6. Nbd2 c5 7. Bd3 Nc6 8. h3 Bxf3 9. Nxf3 e6 10. 0-0 a6 11. Re1 b5 12. e4 c4 13. Bf1 Nge7 14. a4 0-0 15. g4 cxb3 16. cxb3 bxa4 17. Rxa4 dxe4 18. Rxe4 a5 19. Bc4 Nd5 20. Qe1 Ncb4 21. Qe2 Qc7 22. Ra1 Qb7 23. g5 Nb6 24. h4 Rfc8 25. h5 Nxc4 26. bxc4 Rxc4 27. hxg6 hxg6 28. Ne1 Qd5 29. Rc1 Rac8 30. Rxc4 Rxc4 31. Ba3 Rxd4 32. Rxd4 Bxd4 0-1

[Event "BRA-ch U16"]
[Site "Sao Paulo"]
[Date "2012.04.28"]
[Round "1"]
[White "Serpa, Rafael Araujo"]
[Black "Silva, Gustavo Queiroz Dos"]
[Result "0-1"]
[WhiteElo "1840"]
[BlackElo "1941"]
[PlyCount "52"]
[EventDate "2012.04.28"]
[EventType "swiss"]
[EventRounds "7"]
[EventCountry "BRA"]
[SourceTitle "CBM 148 Extra"]
[Source "ChessBase"]
[SourceDate "2012.06.22"]
[SourceVersion "1"]
[SourceVersionDate "2012.06.22"]
[SourceQuality "1"]

1. e4 e5 2. Nf3 Nc6 3. Bb5 a6 4. Ba4 Nf6 5. 0-0 Be7 6. Re1 b5 7. Bb3 0-0 8. a4 b4 9. d4 d6 10. h3 Bb7 11. d5 Na5 12. Ba2 c5 13. Nbd2 Nd7 14. Nc4 Rb8 15. Nh2 Bc8 16. f4 Nxc4 17. Bxc4 f5 18. exf5 Rxf5 19. g4 Rf7 20. fxe5 Nxe5 21. Rxe5 dxe5 22. d6 Qxd6 23. Bxf7+ Kxf7 24. Qf1+ Kg8 25. Be3 Bb7 26. Rd1 Qc6 0-1